Normal view MARC view

Entry Personal Name

Number of records used in: 1

001 - CONTROL NUMBER

  • control field: 556874

003 - CONTROL NUMBER IDENTIFIER

  • control field: OSt

005 - DATE AND TIME OF LATEST TRANSACTION

  • control field: 20220930094957.0

008 - FIXED-LENGTH DATA ELEMENTS

  • fixed length control field: 220930|| aca||aabn | a|a d

040 ## - CATALOGING SOURCE

  • Original cataloging agency: OSt
  • Transcribing agency: OSt

100 ## - HEADING--PERSONAL NAME

  • Personal name: आर्य, विजेन्द्र कुमार, ले

670 ## - SOURCE DATA FOUND

  • Source citation: Work cat.: (OSt)888095: आर्य, विजेन्द्र कुमार, ले., व्याकरणसिद्धान्तसुधानिधि के अ›ाधिकार का समीक्षात्मक अध्ययन, 2018
Copyright @ Delhi University Library System